Random Cities on an Empty World Map - Statistics

General Stats
  • This quiz has been taken 77 times
  • The average score is 8 of 16
Answers on the Map
Answers color-coded by a green-red scale on the quiz's map according to % correct below.
 
Answer Stats
Cities % Correct
Accra
100%
Athens
100%
Barcelona
100%
Beijing
100%
Berlin
100%
Brisbane
100%
Casablanca
100%
Chicago
100%
Colombo
100%
Curitiba
100%
Dallas
100%
Delhi
100%
Houston
100%
Istanbul
100%
Lagos
100%
Lima
100%
Los Angeles
100%
Madrid
100%
Mexico City
100%
Miami
100%
Osaka
100%
Paris
100%
Pyongyang
100%
Recife
100%
Rome
100%
Saint Petersburg
100%
São Paulo
100%
Seoul
100%
Shanghai
100%
Tehran
100%
Tokyo
100%
Washington D.C.
100%
Buenos Aires
75%
Abidjan
67%
Guangzhou
67%
Kolkata
67%
Lahore
67%
Milan
67%
Algiers
50%
Boston
50%
Busan
50%
Campinas
50%
Cape Town
50%
Caracas
50%
Chennai
50%
Chongqing
50%
Dakar
50%
Damascus
50%
Guadalajara
50%
Hanoi
50%
Kabul
50%
Manila
50%
Medellín
50%
Monterrey
50%
Moscow
50%
Mumbai
50%
New York City
50%
Rio de Janeiro
50%
Riyadh
50%
Rotterdam
50%
Sydney
50%
Karachi
40%
Taipei
40%
Ahmedabad
33%
Bengaluru
33%
Bogotá
33%
Dhaka
33%
Dubai
33%
Durban
33%
Jeddah
33%
Melbourne
33%
Pune
33%
Santiago
33%
Yaoundé
33%
Bamako
25%
Chengdu
25%
Isfahan
25%
Manchester
20%
Abuja
0%
Addis Ababa
0%
Alexandria
0%
Amman
0%
Ankara
0%
Baghdad
0%
Bandung
0%
Bangkok
0%
Belo Horizonte
0%
Birmingham
0%
Brasilia
0%
Cairo
0%
Chittagong
0%
Cologne / Dusseldorf
0%
Dar es Salaam
0%
Douala
0%
Faisalabad
0%
Fortaleza
0%
Frankfurt am Main
0%
Guatemala City
0%
Guayaquil
0%
Hangzhou
0%
Ho Chi Minh City
0%
Hyderabad
0%
Ibadan
0%
Izmir
0%
Jaipur
0%
Jakarta
0%
Johannesburg
0%
Kampala
0%
Kano
0%
Kathmandu
0%
Khartoum
0%
Kiev
0%
Kinshasa
0%
Kuala Lumpur
0%
Kumasi
0%
Kuwait City
0%
London
0%
Luanda
0%
Mashhad
0%
Medan
0%
Montréal
0%
Nagoya
0%
Nairobi
0%
Naples
0%
Philadelphia
0%
Port-au-Prince
0%
Porto Alegre
0%
Puebla
0%
Rawalpindi
0%
Salvador
0%
San Francisco
0%
Santo Domingo
0%
Shenyang
0%
Singapore
0%
Surabaya
0%
Surat
0%
Tashkent
0%
Tianjin
0%
Toronto
0%
Wuhan
0%
Xiamen
0%
Yangon
0%
No matching quizzes found
Score Distribution
Percent of People with Each Score
Percentile by Number Answered
Your Score History
You have not taken this quiz